000 00872cam a2200301 i 4500
001 30979
003 BD-RjUL
005 20211209051638.0
008 140413s1976 enk b 001 0 eng
020 _a0198245556 :
_a0198750366
035 _a(BD-RjUL)31066
040 _aDLC
_cDLC
_dDLC
_dBD-RjUL
_beng
041 _aeng
082 0 0 _a121
_bMAP 1976
100 1 _aMackie, J. L.
_q(John Leslie)
_992306
245 1 0 _aProblems from Locke /
_cby J. L. Mackie.
260 _aOxford [Eng.] :
_bClarendon Press,
_cc1976.
300 _aix, 237 p. ;
_c23 cm.
504 _aBibliography: p. [229]-232.
504 _aIncludes index.
600 1 0 _aLocke, John,
_d1632-1704.
_994476
650 0 _aKnowledge, Theory of.
_994161
650 0 _aPerception.
_994162
650 0 _aSubstance (Philosophy)
_93984
942 _2ddc
_cBK
999 _c30979
_d30979